Textos y estudios sobre astronomía española en el siglo XIII / (Record no. 129404)

MARC details
000 -LEADER
campo de control de longitud fija 00736nam a2200205 4500
001 - NÚMERO DE CONTROL
campo de control 129404
003 - IDENTIFICADOR DE NÚMERO DE CONTROL
campo de control ES-MaACL
005 - FECHA Y HORA DE LA ÚLTIMA TRANSACCIÓN
campo de control 20250730071623.0
007 - CAMPO FIJO DE DESCRIPCIÓN FÍSICA--INFORMACIÓN GENERAL
campo de control de longitud fija t|
008 - DATOS DE LONGITUD FIJA--INFORMACIÓN GENERAL
campo de control de longitud fija 070614s1981 sp a |||| | spa d
080 ## - NÚMERO DE LA CLASIFICACIÓN DECIMAL UNIVERSAL
Número de la Clasificación Decimal Universal 52"12"
245 00 - MENCIÓN DEL TÍTULO
Título Textos y estudios sobre astronomía española en el siglo XIII /
Mención de responsabilidad, etc. editados por Juan Vernet.
260 ## - PUBLICACIÓN, DISTRIBUCIÓN, ETC.
Lugar de publicación, distribución, etc. Barcelona :
Nombre del editor, distribuidor, etc. Universidad Autónoma, Facultad de Filisofía y Letras, etc.,
Fecha de publicación, distribución, etc. 1981.
300 ## - DESCRIPCIÓN FÍSICA
Extensión 323 p. :
Otras características físicas il. ;
Dimensiones 24 cm.
650 ## - PUNTO DE ACCESO ADICIONAL DE MATERIA--TÉRMINO DE MATERIA
Término de materia o nombre geográfico como elemento de entrada Astronomía-
Subdivisión de forma Obras anteriores a 1800.
9 (RLIN) 10389
700 1# - ENTRADA AGREGADA--NOMBRE PERSONAL
Nombre de persona Vernet, Juan,
Fechas asociadas al nombre 1923-2011
9 (RLIN) 114171
710 2# - ENTRADA AGREGADA--NOMBRE DE ENTIDAD CORPORATIVA
Nombre de entidad corporativa o nombre de jurisdicción como elemento de entrada Universidad Autónoma de Barcelona.
Unidad subordinada Facultad de Filosofía y Letras.
9 (RLIN) 7059
852 ## - LOCALIZACIÓN
Ubicación ES-MaACL
Número de control de estantería L-3573
Holdings
Estatus retirado Estado de pérdida Estado de daño No para préstamo Biblioteca de origen Biblioteca actual Ubicación en estantería Fecha de adquisición Fuente de adquisición Total de préstamos Signatura topográfica completa Código de barras Visto por última vez Precio de reemplazo Tipo de ítem Koha
        Biblioteca del Ateneo de Madrid Biblioteca del Ateneo de Madrid Depósito 2 17/01/2008     L-3573 1134756 23/02/2023 23/02/2023 Libro impreso